000 00205 a2200097 4500
001 19285
100 _aGreen, D R
245 _aEducatinal psychology
260 _a
_bMc Graw Hill
_c
090 _c14161
_d14161
942 _aNUST-CAE
_cM
_c4627
999 _c254358
_d254358